Dôvodová správa k novelizácii zákona o správnych poplatkoch

Dôvodová správa k novelizácii zákona o správnych poplatkoch. Zákon č. 145/1995 Z.z. o správnych poplatkoch nadobudol účinnosť 1. augusta 1995 a bol viackrát novelizovaný, naposledy zákonom č. 142/2000 Z.z. Javí sa potreba úpravy a doplnenia predovšetkým prílohy zákona, ktorá obsahuje konkrétne spopl...

ver descrição completa

Na minha lista:
Detalhes bibliográficos
Formato: Capítulo de Livro
Idioma:eslovaco
Assuntos:
Tags: Adicionar Tag
Sem tags, seja o primeiro a adicionar uma tag!

MARC

LEADER 00000naa a2200000 4500
001 r040435
005 20230926084218.7
041 0 |a slo 
044 |a SK 
245 1 0 |a Dôvodová správa k novelizácii zákona o správnych poplatkoch 
520 |a Dôvodová správa k novelizácii zákona o správnych poplatkoch. Zákon č. 145/1995 Z.z. o správnych poplatkoch nadobudol účinnosť 1. augusta 1995 a bol viackrát novelizovaný, naposledy zákonom č. 142/2000 Z.z. Javí sa potreba úpravy a doplnenia predovšetkým prílohy zákona, ktorá obsahuje konkrétne spoplatňované úkony a konania. 
610 2 0 |a poplatky 
610 2 0 |a správa štátna 
610 2 0 |a zákony 
610 2 0 |a správy dôvodové 
610 2 0 |a Slovensko